000 00765cab a2200265 4500
001 WB3315-10
008 090401t1997 xxu||||| |||| 00| 0 eng d
035 _a(Sirsi) u77771
041 _aeng
245 _aSquare routes would reclaim London
260 _c1997
350 _a0
490 _aGuardian
_v17 April 1997,2
490 _aDaily Telegraph
_v17 April 1997,10(3)
520 _aArchitectural practice Foster and Partners proposes plans to reshape the centre of London in favour of pedestrians. Plan.
650 _aARCHITECTURE
650 _aLONDON
650 _aPARLIAMENT SQUARE
650 _aPEDESTRIANISATION
650 _aSIR NORMAN FOSTER
650 _aTRAFALGAR SQUARE
690 _aCONSERVATION
942 _n0
948 _c17/04/1997
999 _c48890
_d48890